| 000 | 00354 a2200109 4500 | ||
|---|---|---|---|
| 001 | ART_10939 | ||
| 005 | 20260410161624.0 | ||
| 008 | 260409a | ||
| 245 | 1 | 0 | _aAplicación de las normas de la Resolución Técnica Nº 22 a la actividad ganadera |
| 100 | 1 | _aTorres, Carlos Federico | |
| 773 | 0 |
_tEnfoques _g- Nº 10 (oct. 2012) _wREV416 |
|
| 999 |
_c11850 _d11850 |
||